Dependent development : The alliance of multinational, state, and local capital in Brazil

में बचाया:
ग्रंथसूची विवरण
मुख्य लेखक: Evans, Peter
स्वरूप: पुस्तक
भाषा:Undetermined
प्रकाशित: Princeton Princeton University Press 1979
विषय:
टैग : टैग जोड़ें
कोई टैग नहीं, इस रिकॉर्ड को टैग करने वाले पहले व्यक्ति बनें!
Thư viện lưu trữ: Trung tâm Học liệu Trường Đại học Cần Thơ
LEADER 00578nam a2200193Ia 4500
001 CTU_82127
008 210402s9999 xx 000 0 und d
082 |a 332.041 
082 |b E93 
100 |a Evans, Peter 
245 0 |a Dependent development : 
245 4 |b The alliance of multinational, state, and local capital in Brazil 
245 0 |c Peter Evans 
260 |a Princeton 
260 |b Princeton University Press 
260 |c 1979 
650 |a International business enterprises 
904 |i Trọng Hải 
980 |a Trung tâm Học liệu Trường Đại học Cần Thơ